Televisión ideología y sociedad: con referencia especial al caso de Costa Rica
Guardado en:
| Hovedforfatter: | |
|---|---|
| Institution som forfatter: | |
| Format: | Texto |
| Sprog: | Spanish |
| Udgivet: |
Heredia:
UNA
1981
|
| Fag: | |
| Tags: |
Tilføj Tag
Ingen Tags, Vær først til at tagge denne postø!
|
MARC
| LEADER | 00000 a a2200000 04500 | ||
|---|---|---|---|
| 001 | 30733 | ||
| 003 | cru CIDCACS/IIS | ||
| 005 | 20200820012138.0 | ||
| 008 | 200820b1981 CR ||||| |||| 00| 0 spa d | ||
| 999 | |c 3055 |d 3055 | ||
| 040 | |a cru CIDCACS/IIS |b spa |c cru CIDCACS/IIS |d cru CIDCACS/IIS | ||
| 090 | |a 200300 | ||
| 100 | |a Sagot Muños, Carlos | ||
| 110 | |a Universidad Nacional (Costa Rica). Centro de Estudios Generales. Unidad Coordinadora de Investigación | ||
| 245 | |a Televisión ideología y sociedad: con referencia especial al caso de Costa Rica | ||
| 260 | |a Heredia: |b UNA |c 1981 | ||
| 300 | |a 84 p. | ||
| 650 | |a TELEVISION | ||
| 650 | |a DISCURSOS | ||
| 650 | |a IDEOLOGIAS | ||
| 650 | |a SOCIALIZACION | ||
| 650 | |a TEORIA | ||
| 650 | |a INDUSTRIA DE LA CULTURA | ||
| 650 | |a CONSUMO | ||
| 650 | |a PUBLICIDAD | ||
| 650 | |a NOTICIAS | ||
| 650 | |a INFORMACION | ||
| 650 | |a MANIPULACION | ||
| 650 | |a PELICULAS | ||
| 650 | |a NOVELAS | ||
| 650 | |a MEDIOS DE COMUNICACION | ||
| 650 | |a LEGISLACION | ||
| 650 | |a TELEVISION | ||
| 650 | |a CONSUMO | ||
| 650 | |a INDICADORES SOCIODEMOGRAFICOS | ||
| 942 | |2 z |c LI | ||
